000 00297nam a22001337a 4500
008 181009b xxu||||| |||| 00| 0 eng d
020 _a0520058968
041 _aeng
080 _a201
100 _a24
101 _aTEO
245 _aMedieval Religion and Technology
_cWhite, L
942 _2udc
_cBK
999 _c49140
_d49140